000 03975cam a2200541Ii 4500
003 PE-LiUPU
005 20250731183346.0
008 150804s2015 pe abe b 000 0 spa d
020 _a6123170899
020 _a9786123170899
035 _a(Sirsi) i9786123170899
040 _aPE-LiUPU
_bspa
_cPE-LiUPU
_erda
049 _aPRUA
082 _a722.91
_bH8
_221
245 0 0 _aHuaca 20 :
_bun sitio Lima en el antiguo Complejo Maranga /
_cFrancesca Fernandini, Enrique Gonzáles Carré, Martín Mac Kay Fulle, Ana Cecilia Mauricio, Luis Armando Muro Ynoñán, Carlos Olivera Astete, Gabriel Prieto Burmester, Raphael Santa Cruz Gamarra, María del Carmen Vega ; Ana Cecilia Mauricio, Luis Muro Ynoñán, Carlos Olivera Astete (editores).
250 _aPrimera edición.
264 1 _aLima, Perú :
_bFondo Editorial de la Pontificia Universidad Católica del Perú :
_bInstituto Francés de Estudios Andinos,
_c2015.
300 _a248 páginas. :
_bilustraciones. ;
_c26 centímetros.
336 _atext
_2rdacontent
337 _aunmediated
_2rdamedia
338 _avolume
_2rdacarrier
490 1 _aColección "Travaux de l'Institut Français d'Études Andines,
_x0768-424X ;
_vtomo 324
504 _aBibliografía : páginas 218-248.
505 0 _aPresentación / Dr. Carlos Fosca Pastor -- Cuarenta años de excavaciones en el sitio arqueológico Huaca 20 y los nuevos retos de la gestión del patrimonio arqueológico de la PUCP / Luis Muro y Enrique González Carré -- La cerámica Lima de Huaca 20 / Ana Cecilia Mauricio -- Innovaciones estílicas en la cerámica del sitio Huaca 20 a inicios del horizonte medio : la presencia nievería / Francesca Fernandini -- La arquitectura doméstica y los procesos de ocupación en el sitio arqueológico Huaca 20 / Carlos Olivera Astete -- El cementerio de Huaca 20 : patrones y fases funerarias Lima / Ana Cecilia Mauricio -- Estudio paleoepidemiológico de Huaca 20 : una aproximación al estudio de las poblaciones de la época Lima / María del Carmen Vega -- El cementerio de Huaca 20 : nuevas evidencias, hallazgos de las temporadas 2011-2012 / Carlos Olivera Astete -- Una aproximación a la tecnología de pesca en el sitio Huaca 20 y sus implicancias sociales y económicas / O. Gabriel Prieto -- Eventos efímeros para eventos eternos : el caso de una estructura ceremonial en el Complejo Maranga / Martín Mac Kay Fulle y Raphael Santa Cruz Gamarra.
526 _aP158
526 _aP146
526 _aP17
526 _aP12
526 _aP06
526 8 _iPrograma académico :
_5PE-LiUPU
541 _g003-001193;
541 _g003-1760;
650 0 _aExcavaciones (Arqueología)
_zPeru
_zLima.
650 0 _aIndigenas de Sudámerica
_zPeru
_zLima
651 0 _aHuaca 20 Sitio (Lima, Peru)
700 1 _aMauricio, Ana Cecilia,
_eeditor.
700 1 _aMuro Ynon̋an, Luis,
_eeditor.
700 1 _aOlivera Astete, Carlos,
_eeditor.
700 1 2 _aMuro Ynon̋an, Luis.
_tCuarenta años de excavaciones en el sitio arqueológico Huaca 20 y los nuevos retos de la gestión del patrimonio arqueológico de la PUCP.
910 _ajck
_bbpc
_cbpc
_d20160622
910 _adbm
_bksl
_cksl
_d20171123
942 _2ddc
_cBOOK
949 _a722.91 H8
_wDEWEY
_c1
_i73457
_lCCODEBUL1
_mBUL
_r0
_sY
_tBOOK
_u2016-6-22
_xINGENIERIA
_PP06
_0COMPRA
_o.STAFF. Colección General
994 _aC0
_bPEPRU
596 _a1
999 _a722.91 H8
_wDEWEY
_c10095
_i73457
_d10095
_e2019-9-24
_f2019-2-19
_g5
_kCHECKEDOUT
_lCCODEBUL1
_mBUL
_n4
_rM
_sY
_tBOOK
_u2016-6-22
_xINGENIERIA
_PP06
_0COMPRA
_o.STAFF. Colección General
999 _a722.91 H8
_wDEWEY
_c2
_i77083
_d2019-9-23
_e2019-9-17
_f2021-11-9
_g4
_lCCODEBUL1
_mBUL
_n4
_p21.69
_r0
_sY
_tBOOK
_u2017-11-23
_xINGENIERIA
_PP06
_0COMPRA
_o.STAFF. Colección Ingeniería y Arquitectura
980 _81
_gALBERTO SANCHEZ Responsable de Automatización